| 000 | 01487cam a2200445 i 4500 | ||
|---|---|---|---|
| 999 |
_c8143 _d8143 |
||
| 001 | vtls000104728 | ||
| 003 | NUKAT | ||
| 005 | 20181114102212.0 | ||
| 008 | 030228s1967 pl a f |001 0 pol c | ||
| 035 | _azz2003823187 | ||
| 039 | 9 |
_a201706131346 _bvabyd _c201504230907 _dkopumk _c201310030933 _dvuwm _c201306170112 _dVLOAD |
|
| 040 |
_aKR U/28JW _cKR U/28JW _dKR U/28JW _dŁ 30/MS _dGL 001/FAN |
||
| 041 | 1 |
_apol _heng |
|
| 100 | 1 |
_aMinorsky, Nicolai _d(1885- ). |
|
| 240 | 1 | 0 |
_aNonlinear oscillations _l(pol.) |
| 245 | 1 | 0 |
_aDrgania nieliniowe / _cN. Minorsky ; [tł. Ryszard B. Hetnarski, Zenon Mróz]. |
| 260 |
_aWarszawa : _bPaństwowe Wydawnictwo Naukowe, _c1967. |
||
| 300 |
_a670, [1] s. : _bil. ; _c25 cm. |
||
| 504 | _aIndeks. | ||
| 650 | _aOscylacje. | ||
| 650 | _aTeorie nieliniowe. | ||
| 951 | _aKIEL_008 | ||
| 700 | 1 |
_aHetnarski, Richard B. _d(1928- ). _eTł. |
|
| 700 | 1 |
_aMróz, Zenon _d(1930- ). _eTł. |
|
| 710 | 2 |
_aPaństwowe Wydawnictwo Naukowe (1951-1992). _4pbl _9995 |
|
| 982 | _aBYDG_24 | ||
| 942 |
_2ddc _cBK |
||
| 980 | _aSZCZ_ZUT | ||